Conjugate direction methods in optimization /
Guardado en:
| Autor Principal: | |
|---|---|
| Formato: | Libro |
| Idioma: | English |
| Publicado: |
New York :
Springer-Verlag,
c1980.
|
| Series: | Applications of mathematics ;
12 |
| Materias: | |
| Etiquetas: |
Agregar Etiqueta
Sin Etiquetas, Sea el primero en etiquetar este registro!
|
| LEADER | 00784pam a2200229 a 4500 | ||
|---|---|---|---|
| 001 | MAT.inmabb003502 | ||
| 008 | 790813s1980####nyua#####b####001#0#eng## | ||
| 005 | 20130309103428.0 | ||
| 245 | 1 | 0 | |a Conjugate direction methods in optimization / |c Magnus R. Hestenes. |
| 260 | |a New York : |b Springer-Verlag, |c c1980. | ||
| 300 | |a x, 325 p. : |b il. ; |c 25 cm. | ||
| 440 | 0 | |a Applications of mathematics ; |v 12 | |
| 504 | |a Bibliografía: p. 319-322. | ||
| 510 | 4 | |a MR, |c 81i:65052 | |
| 020 | |a 0387904557 | ||
| 100 | 1 | |a Hestenes, Magnus Rudolph, |d 1906- | |
| 650 | 0 | |a Conjugate direction methods. | |
| 084 | |a 65K10 (49Mxx 65-02 65F10 90C30) |2 msc2000 | ||
| 010 | |a 79020220 | ||
| 040 | |a DLC |c DLC |d DLC | ||
| 859 | |h 65 |i H588 |p A-6566 |b BIB. MATEMATICA | ||
| 859 | |h 65 |i H588 |p A-8609 |t Ej. 2 |b BIB. MATEMATICA | ||
